[Event "FIN-chT2 Gp2 1718"]
[Site "Finland"]
[Date "2017.10.22"]
[Round "3.3"]
[White "Poranen, Timo"]
[Black "Hassan, Alzakout"]
[Result "1-0"]
[WhiteElo "1819"]
[BlackElo "1657"]
[PlyCount "104"]
[EventDate "2017.09.16"]
[EventType "team-tourn"]
[EventRounds "7"]
[EventCountry "FIN"]
[SourceTitle "EXT 2020"]
[Source "ChessBase"]
[SourceDate "2019.10.17"]
[SourceVersion "1"]
[SourceVersionDate "2019.10.17"]
[SourceQuality "1"]
[WhiteTeam "Tampere Moukat"]
[BlackTeam "Vihti"]
[WhiteTeamCountry "FIN"]
[BlackTeamCountry "FIN"]

1. e4 d5 2. exd5 Nf6 3. Nf3 Bg4 4. Bb5+ Nbd7 5. Nc3 a6 6. Be2 Nb6 7. b3 Nbxd5 8. Bb2 Nf4 9. 0-0 e6 10. Ne5 Nxe2+ 11. Nxe2 h5 12. f3 Bf5 13. Ng3 Bh7 14. Ne4 Nxe4 15. fxe4 f6 16. Qxh5+ g6 17. Nxg6 Bc5+ 18. Qxc5 Rg8 19. Bxf6 Qd6 20. Qxd6 cxd6 21. Nf4 Bxe4 22. d3 Bc6 23. g3 Kd7 24. c4 e5 25. Nd5 Bxd5 26. cxd5 Rg6 27. Bh4 Rg4 28. Rf7+ Ke8 29. Re7+ Kf8 30. Rf1+ Kg8 31. Rxb7 Rf8 32. Rxf8+ Kxf8 33. Kf2 Rd4 34. Ke3 Rxd5 35. g4 Kg8 36. Bg3 Rc5 37. Rb6 Ra5 38. a4 Kf7 39. Rxd6 Ke7 40. Rb6 Rc5 41. Rxa6 Rc2 42. Bxe5 Kd7 43. b4 Kc8 44. b5 Kb7 45. Rc6 Ra2 46. Rc4 Rg2 47. a5 Ra2 48. Rc7+ Ka8 49. a6 Ra4 50. Rc8+ Ka7 51. Bd4+ Rxd4 52. Kxd4 Kb6 1-0